000 00860nam a2200253Ia 4500
003 GCL
005 20240530101818.0
008 140319s9999 xx 000 0 ara d
040 _aGCL /
_cGCL
082 0 4 _a510.134
_bع ف
100 1 _aعادل عبدالكريم ياسين
245 1 0 _aفضاء المعرفة منهجية حوار لتطوير تعليم وتعلم الرياضيات /
_cعادل عبدالكريم ياسين
260 _a[S.N] :
_bمؤسسة الكويت للتقدم العلمى ،
_c1984
300 _a259
650 0 4 _aالتعليم
650 0 4 _aالرياضيات
650 0 4 _aالاجتماع
650 0 4 _aالفروض
650 0 4 _aالبحث
650 0 4 _aالرياضيات المعاصرة
650 0 4 _aالدراسات التربوية
700 1 _aمحمد واصل الظاهر
942 _2ddc
_cBK
999 _c27878
_d27878